ბათუმის შოთა რუსთაველის სახელმწიფო უნივერსიტეტის ბიბლიოთეკა

ქართული მწერლობა:ოცდაათ ტომად.ტ3 (ბიბ.ჩანაწერი № 43617)

000 -LEADER
fixed length control field 00844nam a2200193Ia 4500
001 - CONTROL NUMBER
control field 10352
003 - CONTROL NUMBER IDENTIFIER
control field GE_BSU
008 - FIXED-LENGTH DATA ELEMENTS--GENERAL INFORMATION
fixed length control field 181216s||||||||xx |||||||||||||| ||und||
040 ## - CATALOGING SOURCE
Transcribing agency GE_BSU
080 ## - UNIVERSAL DECIMAL CLASSIFICATION NUMBER
Universal Decimal Classification number 821.353.1+821.353.1-32
245 ## - TITLE STATEMENT
Title ქართული მწერლობა:ოცდაათ ტომად.ტ3
245 ## - TITLE STATEMENT
Statement of responsibility, etc. შემდგ.ა.ბაქრაძე,რ.თვარაძე,სარედ.კოლ.ა.ბაქრაძე, ა.ბრეგაძე.გ.გვერდწითელი და სხვ. ტომის რედ. ვ.როდონაია. მხატვ. გ.ღლონტი
260 ## - PUBLICATION, DISTRIBUTION, ETC.
Place of publication, distribution, etc. თბილისი
260 ## - PUBLICATION, DISTRIBUTION, ETC.
Name of publisher, distributor, etc. ნაკადული
260 ## - PUBLICATION, DISTRIBUTION, ETC.
Date of publication, distribution, etc. 1988
300 ## - PHYSICAL DESCRIPTION
Extent 493გვ.20სმ.
653 ## - INDEX TERM--UNCONTROLLED
Uncontrolled term ქართული მწერლობა
942 ## - ADDED ENTRY ELEMENTS (KOHA)
Koha item type წიგნი
ეგზემპლარები
Withdrawn status Lost status Damaged status Not for loan Date acquired Barcode Date last seen Price effective from Koha item type
        2018-12-17 34086 2018-12-17 2018-12-17 წიგნი
        2018-12-17 34087 2018-12-17 2018-12-17 წიგნი
        2018-12-17 34088 2018-12-17 2018-12-17 წიგნი
        2018-12-17 34089 2018-12-17 2018-12-17 წიგნი